| 000 | 00446nam a22001937a 4500 | ||
|---|---|---|---|
| 005 | 20250812101811.0 | ||
| 008 | 160418b2007 xxu||||| |||| 00| 0 spa d | ||
| 020 | _a9789972233180 | ||
| 041 | _aESP | ||
| 082 | _a615.892 A189a | ||
| 245 | _aAcupuntura: técnicas y beneficios | ||
| 260 | _aPerú | ||
| 260 | _bMirbet | ||
| 260 | _c2012 | ||
| 300 | _a135 páginas | ||
| 490 | _aTemática General | ||
| 650 | _aACUPUNTURA | ||
| 942 |
_cBK _2ddc |
||
| 999 |
_c7974 _d7974 |
||